| 000 | 00448nam a2200181Ia 4500 | ||
|---|---|---|---|
| 001 | 20533 | ||
| 005 | 20260306172813.0 | ||
| 008 | 260306t2009||||xx |||||||||||||| ||spa|| | ||
| 041 | _aESP | ||
| 082 |
_a343.4 _bC29A |
||
| 100 |
_aCarbonell, Miguel, _eAUT |
||
| 245 | 0 |
_aEl estado de derecho: _bdilemas para América Latina |
|
| 260 | _c2009 | ||
| 300 |
_a248 páginas : _c20 cm. |
||
| 650 | _aGEN | ||
| 654 | _aCDE | ||
| 942 |
_cLIB _dJUS _fJUS _2ddc _n |
||
| 999 |
_c20533 _d20533 |
||